00389nam a2200121Ia 45000010005000000080041000050820026000461000066000722450061001382600024001999010027002239990017002503525241024s9999 xx 000 0 und d a[*SIN CLASIFICACION*] aRepública Dominicana, Secretaría de Estado de Educación 0aGestión Institucional 2008-2012 plan de los 100 días bSanto Domingoc2012 a4/12/2013 2:12:26 p.m. c11425d11425